The Designation of Marine Protected Areas (Record no. 3199)

000 -LEADER
fixed length control field 04545nam a22004095i 4500
007 - PHYSICAL DESCRIPTION FIXED FIELD--GENERAL INFORMATION
fixed length control field cr nn 008mamaa
008 - FIXED-LENGTH DATA ELEMENTS--GENERAL INFORMATION
fixed length control field 230523s2023 sz | s |||| 0|eng d
020 ## - INTERNATIONAL STANDARD BOOK NUMBER
International Standard Book Number 9783031291753
-- 978-3-031-29175-3
040 ## - CATALOGING SOURCE
Original cataloging agency IMU Kochi Library
Language of cataloging eng
041 0# - LANGUAGE CODE
Language code of text/sound track or separate title eng
082 04 - DEWEY DECIMAL CLASSIFICATION NUMBER
Classification number 341.4
Edition number 23
100 1# - MAIN ENTRY--PERSONAL NAME
Personal name von Rebay, Anna.
245 14 - TITLE STATEMENT
Title The Designation of Marine Protected Areas
Medium [electronic resource] :
Sub Title A Legal Obligation /
250 ## - EDITION STATEMENT
Edition statement 1st ed. 2023.
300 ## - PHYSICAL DESCRIPTION
Extent XV, 278 p.
Other physical details online resource.
505 0# - FORMATTED CONTENTS NOTE
Formatted contents note Introduction -- Setting the Scene -- Legally Binding Obligation -- Personal Scope - An Obligation Erga Omnes -- Geographical Scope - Marine Environment -- Substantive Scope - Designation of MPAs -- Special Regulations -- Conclusion and Summary in Theses.
520 ## - SUMMARY, ETC.
Summary, etc This book provides empirical evidence that all States have a universally binding obligation to adopt national laws and international treaties to protect the marine environment, including the designation of Marine Protected Areas. Chapter by chapter this obligation is detailed, providing the foundation for holding States responsible for fulfilling this obligation. The fundamentals are analysed in a preliminary chapter, which examines the legally binding sources of the Law of the Sea as well as its historical development to help readers understand the key principles at hand. The Law of the Sea provides more than 1000 instruments and more than 300 regulations concerning marine protection. While the scope of most treaties is limited either regarding species, regions or activities, one regulation addresses States in all waters: the obligation to protect and preserve the marine environment as stipulated under Art. 192 of the 1982 United Nations Convention on the Law of theSea (UNCLOS). As this 'Constitution of the Ocean' not only contains conventional laws but also very broadly reflects pre-existing rules of customary international law, an extensive analysis of all statements made by States in the UN General Assembly, their practices, national laws and regulations as well as other public testimonials demonstrates that Art. 192 UNCLOS indeed binds the whole community of States as a rule of customary international law with an erga omnes effect. Due to the lack of any objections and its fundamental value for humankind, this regulation can also be considered a new peremptory norm of international law (ius cogens). While the sovereign equality of States recognises States' freedom to decide if and how to enter into a given obligation, States can also waive this freedom. If States accepted a legally binding obligation, they are thus bound to it. Concerning the specific content of Art. 192 UNCLOS, a methodical interpretation concludesthat only the adoption of legislative measures (national laws and international agreements) suffices to comply with the obligation to protect and preserve the marine environment, which is confirmed by the States' practices and relevant jurisprudence. When applied to a specific geographical area, legislative measures to protect the marine environment concur with the definition of Marine Protected Areas. Nonetheless, as the obligation applies to all waters, the Grotian principle of the freedom of the sea dictates that the restriction of activities through the designation of Marine Protected Areas, on the one hand, must be weighed against the freedoms of other States on the other. To anticipate the result: while all other rights under the UNCLOS are subject to and contingent on other regulations of the UNCLOS and international law, only the obligation to protect and preserve the marine environment is granted absolutely - and thus outweighs all other interests.
650 #0 - SUBJECT ADDED ENTRY--TOPICAL TERM
Topical term or geographic name as entry element Law of the sea.
650 #0 - SUBJECT ADDED ENTRY--TOPICAL TERM
Topical term or geographic name as entry element International law.
650 #0 - SUBJECT ADDED ENTRY--TOPICAL TERM
Topical term or geographic name as entry element Aeronautics
General subdivision Law and legislation.
650 #0 - SUBJECT ADDED ENTRY--TOPICAL TERM
Topical term or geographic name as entry element Environmental law, International.
650 14 - SUBJECT ADDED ENTRY--TOPICAL TERM
Topical term or geographic name as entry element Law of the Sea, Air and Outer Space.
650 24 - SUBJECT ADDED ENTRY--TOPICAL TERM
Topical term or geographic name as entry element Sources and Subjects of International Law, International Organizations.
650 24 - SUBJECT ADDED ENTRY--TOPICAL TERM
Topical term or geographic name as entry element International Environmental Law.
650 24 - SUBJECT ADDED ENTRY--TOPICAL TERM
Topical term or geographic name as entry element Public International Law.
852 ## - LOCATION/CALL NUMBER
Location IMU Kochi Library
856 40 - ELECTRONIC LOCATION AND ACCESS
Uniform Resource Identifier <a href="https://doi.org/10.1007/978-3-031-29175-3">https://doi.org/10.1007/978-3-031-29175-3</a>
904 ## - LOCAL DATA ELEMENT D, LDD (RLIN)
CATALOGER Rudra Ranjan
905 ## - LOCAL DATA ELEMENT E, LDE (RLIN)
VERIFIER Rudra Ranjan
942 ## - ADDED ENTRY ELEMENTS (KOHA)
Item type E-Book
264 #1 -
-- Cham :
-- Springer Nature Switzerland :
-- Imprint: Springer,
-- 2023.
338 ## -
-- online resource

No items available.



Copyright © All Rights Reserved by Indian Maritime University, Kochi Campus.
For any Suggestions/Query Contact to library or Email: library.kochi@imu.ac.in Ph:(0484)-2989402
(Web OPAC Designed by Rudra Ranjan. Maintained by IMU Kochi Library)

Powered by Koha